[Event "IX. Rhein-Main-Open"]
[Site "Bad Homburg"]
[Date "2006.06.18"]
[Round "7.29"]
[White "Schimmer, Michael"]
[Black "Plattner, Rolf"]
[Result "1-0"]
[WhiteElo "1956"]
[BlackElo "1528"]
[PlyCount "115"]
[EventDate "2006.??.??"]

1. e4 e6 2. d4 d5 3. Nc3 Bb4 4. e5 c5 5. a3 Bxc3+ 6. bxc3 Ne7 7. Qg4 O-O 8. Bd3
f5 9. exf6 Rxf6 10. Bg5 Rf7 11. Qh5 g6 12. Qd1 Nbc6 13. Nf3 Qa5 14. Bd2 c4 15.
Be2 Qc7 16. O-O Nf5 17. Ng5 Rf6 18. Qc1 Ng7 19. g3 Qa5 20. h4 Bd7 21. Kg2 Raf8
22. Nf3 Qc7 23. Bg5 R6f7 24. Qd2 Nh5 25. Bh6 Re8 26. Ng5 Rf5 27. Bg4 Rf6 28.
Bxh5 gxh5 29. Nf3 Rg6 30. Rae1 Bc8 31. Ne5 Nxe5 32. Rxe5 Qf7 33. Qf4 Qxf4 34.
Bxf4 Bd7 35. Rxh5 Ba4 36. Re5 Bxc2 37. h5 Rg7 38. Rfe1 Kf7 39. f3 b5 40. g4 a6
41. Kh3 Rgg8 42. R5e2 Bd3 43. Rb2 Re7 44. a4 Rb7 45. axb5 Rxb5 46. Rxb5 axb5
47. Ra1 Re8 48. Bd6 Re7 49. Bxe7 Kxe7 50. Ra7+ Kd6 51. Ra6+ Kc7 52. Rxe6 b4 53.
cxb4 c3 54. Kg3 Be4 55. b5 Bd3 56. Rc6+ Kd7 57. Rxc3 Bxb5 58. Rc5 1-0

[Event "IX. Rhein-Main-Open"]
[Site "Bad Homburg"]
[Date "2006.06.18"]
[Round "7.30"]
[White "Braunberger, Gerald"]
[Black "Reimer, Otto"]
[Result "1-0"]
[WhiteElo "1883"]
[BlackElo "2047"]
[PlyCount "49"]
[EventDate "2006.??.??"]

1. d4 Nf6 2. c4 g6 3. Nc3 Bg7 4. e4 d6 5. Be2 O-O 6. Bg5 Nc6 7. d5 Ne5 8. h3 c6
9. Rc1 Ned7 10. Qd2 Nc5 11. f3 Re8 12. g4 e6 13. h4 exd5 14. cxd5 Bxg4 15. fxg4
Ncxe4 16. Nxe4 Rxe4 17. dxc6 bxc6 18. Kf1 Qb6 19. Bf3 Rd4 20. Rxc6 Qb5+ 21. Qe2
Qb4 22. a3 Qa4 23. Ra6 Rd1+ 24. Kg2 Rxg1+ 25. Rxg1 1-0

[Event "IX. Rhein-Main-Open"]
[Site "Bad Homburg"]
[Date "2006.06.18"]
[Round "7.31"]
[White "Zöller, Thomas"]
[Black "Feigl, Markus"]
[Result "1-0"]
[WhiteElo "2082"]
[BlackElo "1751"]
[PlyCount "93"]
[EventDate "2006.??.??"]

1. d4 e6 2. c4 d5 3. Nc3 Nf6 4. Bg5 Be7 5. e3 c6 6. Nf3 h6 7. Bh4 Nbd7 8. Rc1
O-O 9. Bd3 Nh7 10. Bg3 f5 11. cxd5 exd5 12. Ne5 Nxe5 13. Bxe5 Qe8 14. O-O Ng5
15. Ne2 h5 16. Nf4 g6 17. Qe2 Nh7 18. f3 g5 19. Nh3 Bf6 20. Bxf6 Rxf6 21. Nf2
Bd7 22. e4 Be6 23. b4 a6 24. a4 Qd7 25. Qb2 Rff8 26. Rc5 Rad8 27. e5 Qe8 28.
Rfc1 Rf7 29. b5 axb5 30. axb5 Rb8 31. Qc2 Bd7 32. Qd2 Rg7 33. g4 hxg4 34. fxg4
f4 35. bxc6 bxc6 36. Bf5 Bxf5 37. gxf5 g4 38. Qxf4 Ng5 39. Rxc6 Qh5 40. Rc8+
Rxc8 41. Rxc8+ Kh7 42. f6 Rg6 43. f7 Nh3+ 44. Kf1 Nxf4 45. f8=Q Rb6 46. Rc7+
Kg6 47. Rg7+ 1-0

[Event "IX. Rhein-Main-Open"]
[Site "Bad Homburg"]
[Date "2006.06.18"]
[Round "7.32"]
[White "Faqiry, Ramat"]
[Black "Niedenthal, Robert"]
[Result "1-0"]
[WhiteElo "1705"]
[BlackElo "1963"]
[PlyCount "81"]
[EventDate "2006.??.??"]

1. d4 d5 2. c4 c6 3. Nc3 Nf6 4. Nf3 e6 5. e3 Bd6 6. c5 Be7 7. Bd3 O-O 8. Ne5 b6
9. b4 a5 10. Na4 Nfd7 11. Nxd7 Nxd7 12. a3 axb4 13. Nxb6 Nxb6 14. cxb6 Qxb6 15.
Qb3 Bd7 16. Rb1 Rfb8 17. O-O g6 18. axb4 Qxb4 19. Qd1 Qa5 20. Rxb8+ Rxb8 21. f4
c5 22. Bd2 Qa3 23. Bc1 Qc3 24. Bc2 c4 25. e4 Ba3 26. Rf3 Qa5 27. Rxa3 Qd8 28.
e5 Qb6 29. Rh3 Ra8 30. Ba3 Qa5 31. Bc5 Qa2 32. Rf3 Qb2 33. Rf1 Ra2 34. Qb1 c3
35. Qxb2 cxb2 36. Rb1 Ra1 37. Kf2 h5 38. Rxb2 Rc1 39. Be7 Kh7 40. Bf6 Kh6 41.
Kg3 1-0

[Event "IX. Rhein-Main-Open"]
[Site "Bad Homburg"]
[Date "2006.06.18"]
[Round "7.33"]
[White "Graw, Oliver"]
[Black "Schneider, Udo"]
[Result "0-1"]
[WhiteElo "1594"]
[BlackElo "1915"]
[PlyCount "126"]
[EventDate "2006.??.??"]

1. e4 e6 2. d4 d5 3. exd5 exd5 4. Bf4 Bd6 5. Qd2 Bf5 6. Bxd6 Qxd6 7. Bd3 Bxd3
8. Qxd3 Nc6 9. Nf3 Qe6+ 10. Qe3 Qxe3+ 11. fxe3 Nf6 12. c3 O-O 13. Na3 Rfe8 14.
Nc2 Re4 15. h3 Nh5 16. Kd2 Na5 17. b3 Ng3 18. Rhe1 Rae8 19. Nb4 c6 20. Kd3 f6
21. c4 dxc4+ 22. bxc4 c5 23. Nc2 cxd4 24. exd4 Ne2 25. Nd2 Nf4+ 26. Kc3 Rxe1
27. Rxe1 Rxe1 28. Nxe1 Ne2+ 29. Kd3 Nc1+ 30. Ke4 Nxa2 31. d5 Kf7 32. Nd3 b6 33.
Kd4 Nb7 34. Ne4 Ke7 35. g4 Nd6 36. Nxd6 Kxd6 37. Nf2 a5 38. Ne4+ Kd7 39. h4 Nc1
40. Nc3 Nb3+ 41. Kd3 Nc5+ 42. Kd4 a4 43. Nb5 Nb7 44. Na3 g6 45. h5 Ke7 46. hxg6
hxg6 47. Nb5 Nd6 48. Na3 Nf7 49. Ke4 Ne5 50. g5 Nd7 51. gxf6+ Kxf6 52. Kf4 g5+
53. Kg3 Kf5 54. Nb5 Ne5 55. Na3 g4 56. Kg2 Kf4 57. Kf1 Kf3 58. d6 Kg3 59. Kg1
Kh3 60. c5 bxc5 61. Nc4 Nd7 62. Na3 g3 63. Nc4 g2 0-1

[Event "IX. Rhein-Main-Open"]
[Site "Bad Homburg"]
[Date "2006.06.18"]
[Round "7.34"]
[White "Kretner, Georg-Ulrich"]
[Black "Henrich, Frederik"]
[Result "1-0"]
[WhiteElo "1852"]
[BlackElo "1612"]
[PlyCount "73"]
[EventDate "2006.??.??"]

1. d4 d5 2. c4 e6 3. Nc3 c5 4. cxd5 exd5 5. e3 Nf6 6. Nf3 Nc6 7. Be2 Bf5 8.
dxc5 Bxc5 9. Nb5 O-O 10. O-O Ne4 11. a3 a6 12. Nbd4 Bg6 13. b4 Bb6 14. Bb2 Qd6
15. Qb3 Bh5 16. Rfd1 Bxf3 17. Bxf3 Bc7 18. g3 Ne5 19. Bg2 Rfd8 20. h3 h5 21.
Rac1 Rac8 22. Bxe4 dxe4 23. Nb5 Nf3+ 24. Kg2 Qe7 25. Rxd8+ Qxd8 26. Qc3 Qg5 27.
Nxc7 Nh4+ 28. Kf1 Nf3 29. Qc5 Rxc7 30. Qxc7 Qb5+ 31. Kg2 Qe2 32. Qc3 Nh4+ 33.
gxh4 Qf3+ 34. Kg1 f6 35. Qc7 Qxh3 36. Qg3 Qe6 37. Rc7 1-0

[Event "IX. Rhein-Main-Open"]
[Site "Bad Homburg"]
[Date "2006.06.18"]
[Round "7.35"]
[White "Winterberg, Lukas"]
[Black "Peter, Falco"]
[Result "0-1"]
[WhiteElo "1799"]
[BlackElo "1380"]
[PlyCount "82"]
[EventDate "2006.??.??"]

1. d4 f5 2. Qd3 d5 3. g4 fxg4 4. h3 Nf6 5. hxg4 Bxg4 6. Bh3 Qd7 7. f3 Bxh3 8.
Nxh3 Qd6 9. Bf4 Qb6 10. Nc3 Nbd7 11. Nb5 Rc8 12. Ng5 g6 13. Nxc7+ Rxc7 14. Bxc7
Qxc7 15. O-O-O Qf4+ 16. Qd2 Qd6 17. e4 e5 18. dxe5 Nxe5 19. exd5 Be7 20. Ne4
Nxe4 21. fxe4 O-O 22. Qh6 Rf7 23. Rdf1 Ng4 24. Qh3 Nf6 25. Qe3 Qa6 26. Qb3 Bd6
27. Kb1 Nxe4 28. Rd1 Nf2 29. Rhf1 Nxd1 30. Rxf7 Kxf7 31. Qf3+ Kg7 32. Qxd1 Be5
33. c3 Qc4 34. Qf3 h5 35. d6 Qc6 36. Qxc6 bxc6 37. d7 Bc7 38. b4 h4 39. c4 h3
40. a4 h2 41. b5 h1=Q+ 0-1

[Event "IX. Rhein-Main-Open"]
[Site "Bad Homburg"]
[Date "2006.06.18"]
[Round "7.37"]
[White "Lebermann, Hellmuth"]
[Black "Lesic, Ivan"]
[Result "1-0"]
[WhiteElo "2063"]
[BlackElo "1479"]
[PlyCount "91"]
[EventDate "2006.??.??"]

1. e4 e6 2. d4 d5 3. e5 c5 4. c3 Nc6 5. Nf3 Be7 6. Bd3 c4 7. Bc2 Qc7 8. O-O f6
9. Re1 f5 10. b3 b5 11. a4 b4 12. bxc4 dxc4 13. cxb4 Nxb4 14. Nc3 Bb7 15. Bb1
a6 16. Ba3 h6 17. Re3 Nd5 18. Nxd5 Bxd5 19. Ne1 Qc6 20. Bc2 a5 21. Qh5+ Kf8 22.
Rg3 Bxa3 23. Qg6 Ra7 24. Raxa3 Rf7 25. Ra1 Ne7 26. Qh5 g6 27. Qd1 g5 28. Rb1
Qc7 29. Qh5 Rg7 30. Qd1 f4 31. Ra3 h5 32. Qd2 Rf7 33. Rb5 Nc6 34. f3 g4 35.
fxg4 hxg4 36. Bg6 Rh4 37. Bxf7 Qxf7 38. g3 fxg3 39. Rxg3 Qf5 40. Ng2 Rh7 41.
Qf4 Rg7 42. Qxf5+ exf5 43. Rxd5 Nb4 44. Rxa5 Rd7 45. Nf4 Kf7 46. e6+ 1-0

[Event "IX. Rhein-Main-Open"]
[Site "Bad Homburg"]
[Date "2006.06.18"]
[Round "7.39"]
[White "Pfeiffer, Ralf"]
[Black "Smith-Meyer, Geir"]
[Result "0-1"]
[WhiteElo "1505"]
[BlackElo "1669"]
[PlyCount "34"]
[EventDate "2006.??.??"]

1. e4 e5 2. Bc4 Nf6 3. d3 d5 4. exd5 Nxd5 5. Qf3 c6 6. Ne2 Be6 7. O-O Nd7 8. a3
Bd6 9. Nbc3 Qh4 10. Ne4 Be7 11. h3 g5 12. Qg3 Qh5 13. f3 f5 14. N4c3 Rg8 15. d4
Nxc3 16. Nxc3 Bxc4 17. dxe5 Bxf1 0-1

[Event "IX. Rhein-Main-Open"]
[Site "Bad Homburg"]
[Date "2006.06.18"]
[Round "7.40"]
[White "Ehling, Dieter"]
[Black "Kirschner, Matthias"]
[Result "0-1"]
[WhiteElo "1310"]
[BlackElo "1567"]
[PlyCount "110"]
[EventDate "2006.??.??"]

1. e4 c5 2. c3 Nc6 3. d4 cxd4 4. cxd4 a6 5. Nf3 d6 6. Bf4 Nf6 7. Nc3 g6 8. Be2
Bg7 9. O-O O-O 10. Rc1 b5 11. a3 Bb7 12. b4 Rc8 13. Qd2 Re8 14. Bg5 Nb8 15. Bd3
Nfd7 16. Ne2 f6 17. Rxc8 Qxc8 18. Rc1 Qd8 19. Bh4 Nc6 20. Nf4 Nf8 21. Qa2+ Kh8
22. Ne6 Nxe6 23. Qxe6 Bc8 24. Qd5 Bd7 25. Rxc6 Bxc6 26. Qxc6 Qc8 27. d5 Qxc6
28. dxc6 Rc8 29. Nd4 e5 30. Ne6 Rxc6 31. Nxg7 Kxg7 32. f3 Rc3 33. Bf1 Rxa3 34.
Be1 f5 35. exf5 gxf5 36. Kf2 Kg6 37. g3 d5 38. Bd2 e4 39. fxe4 fxe4 40. Bh3 d4
41. Bf4 Ra2+ 42. Kg1 Kf6 43. Bd6 d3 44. Bf4 d2 45. Bxd2 Rxd2 46. Bc8 Ra2 47. g4
Ke5 48. h4 e3 49. Kf1 Kf4 50. h5 h6 51. Be6 Rf2+ 52. Ke1 Kf3 53. g5 hxg5 54. h6
Rh2 55. Bd5+ Kf4 0-1

[Event "IX. Rhein-Main-Open"]
[Site "Bad Homburg"]
[Date "2006.06.18"]
[Round "7.41"]
[White "Schutzmann, Henry"]
[Black "Reinl, Walter"]
[Result "0-1"]
[WhiteElo "1550"]
[BlackElo "1500"]
[PlyCount "80"]
[EventDate "2006.??.??"]

1. e4 c5 2. Nf3 d6 3. d4 cxd4 4. Nxd4 Nf6 5. Nc3 e6 6. Be3 a6 7. f3 Be7 8. Qd2
Bd7 9. g4 Nc6 10. O-O-O Qc7 11. h4 O-O-O 12. g5 Nh5 13. Nxc6 Bxc6 14. Qf2 Rdf8
15. Bb6 Qd7 16. e5 d5 17. Ne4 f6 18. gxf6 gxf6 19. Nd6+ Bxd6 20. exd6 Rfg8 21.
Bc7 Qf7 22. Qa7 Kd7 23. Bxa6 Ra8 24. Qe3 Rxa6 25. Kb1 Ng7 26. Rhe1 Ne8 27. Qf4
Nxc7 28. dxc7 Rc8 29. Rg1 Rxc7 30. h5 Rc8 31. Rde1 Rg8 32. Rxg8 Qxg8 33. Qxf6
Ra8 34. h6 Rf8 35. Qg7+ Qxg7 36. hxg7 Rg8 37. Rg1 Ke7 38. b3 Kf7 39. c4 Rxg7
40. Rxg7+ Kxg7 0-1

[Event "IX. Rhein-Main-Open"]
[Site "Bad Homburg"]
[Date "2006.06.18"]
[Round "7.42"]
[White "Plötz, Hans-Jürgen"]
[Black "Wulfert, Olaf"]
[Result "0-1"]
[WhiteElo "1442"]
[BlackElo "1629"]
[PlyCount "130"]
[EventDate "2006.??.??"]

1. d4 g6 2. c4 Bg7 3. Nc3 Nf6 4. Nf3 d6 5. e4 O-O 6. Be2 Bg4 7. h3 Bxf3 8. Bxf3
Nbd7 9. O-O c5 10. d5 b5 11. Nxb5 Ne5 12. Na3 Nxf3+ 13. Qxf3 Qb6 14. Rb1 Rab8
15. Nb5 Nd7 16. b3 Qa5 17. Qe2 a6 18. Na3 Nb6 19. Qc2 Rb7 20. Rd1 Rfb8 21. Qd2
Bc3 22. Qd3 Bg7 23. Rd2 Bh6 24. Nc2 Nxc4 25. Re2 Bxc1 26. Rxc1 Ne5 27. Qe3 Qxa2
28. Ra1 Qxb3 29. Qxb3 Rxb3 30. Rxa6 Kg7 31. Kf1 Rb1+ 32. Ne1 Nd3 33. Ra3 c4 34.
Rc3 Rc8 35. Re3 Rc5 36. g3 Kf6 37. f4 h5 38. h4 Kg7 39. e5 dxe5 40. fxe5 Rxe1+
41. Rxe1 Nxe1 42. Kxe1 Rxd5 43. Rxc4 Rxe5+ 44. Kf2 g5 45. hxg5 Rxg5 46. Rc6
Rf5+ 47. Kg2 e5 48. Rc8 Kf6 49. Rc6+ Ke7 50. Rc7+ Kd6 51. Rc8 Kd5 52. Ra8 Ke6
53. Kh3 Kf6 54. Kh4 e4 55. g4 hxg4 56. Kxg4 Rf3 57. Ra6+ Ke5 58. Ra5+ Kd4 59.
Ra4+ Ke3 60. Ra3+ Kf2 61. Ra2+ Kg1 62. Re2 f5+ 63. Kg5 Kf1 64. Ra2 e3 65. Ra1+
Kg2 0-1

[Event "IX. Rhein-Main-Open"]
[Site "Bad Homburg"]
[Date "2006.06.18"]
[Round "7.43"]
[White "Dages, Rolf Hermann"]
[Black "Kempf, Alexander"]
[Result "0-1"]
[WhiteElo "1445"]
[BlackElo "1654"]
[PlyCount "44"]
[EventDate "2006.??.??"]

1. f4 c5 2. e4 d6 3. Nf3 a6 4. d4 cxd4 5. Qxd4 Nc6 6. Qf2 Nf6 7. Bd3 e6 8. Nc3
Be7 9. O-O O-O 10. e5 dxe5 11. Kh1 Qc7 12. Ng5 h6 13. Qh4 Nb4 14. fxe5 Qxe5 15.
Bf4 Qa5 16. Rad1 Nxd3 17. Rxd3 Nh7 18. Nce4 hxg5 19. Qh5 g6 20. Qh6 g4 21. Bd6
Bxd6 22. Rxf7 Qe1+ 0-1

[Event "IX. Rhein-Main-Open"]
[Site "Bad Homburg"]
[Date "2006.06.18"]
[Round "7.44"]
[White "Feigl, Gerold"]
[Black "Witt, Holger"]
[Result "1/2-1/2"]
[WhiteElo "1452"]
[BlackElo "1438"]
[PlyCount "102"]
[EventDate "2006.??.??"]

1. e4 e6 2. c4 d5 3. exd5 exd5 4. Qb3 Nf6 5. d4 Qe7+ 6. Be3 c6 7. c5 Bf5 8. Nc3
g6 9. Nf3 Bg7 10. Be2 O-O 11. O-O Qc7 12. h3 Nbd7 13. Nh4 Be6 14. Qc2 Rae8 15.
b4 b5 16. a4 a6 17. axb5 axb5 18. Ra5 Ra8 19. Rfa1 Qb7 20. R1a3 Rxa5 21. Rxa5
Ra8 22. Qa2 Rxa5 23. Qxa5 Qb8 24. Qa6 Qc7 25. Qa8+ Nb8 26. Nf3 Nfd7 27. Bd3 h6
28. Ne2 Kh7 29. Bf4 Qc8 30. Ne5 Bxe5 31. dxe5 Qa6 32. Qxa6 Nxa6 33. Bd2 Nxe5
34. Bb1 Kg7 35. Bc3 f6 36. Nd4 Bd7 37. f4 Nc4 38. Ba2 Kf7 39. Kf2 h5 40. h4 Nc7
41. Bxc4 dxc4 42. Nc2 Ke7 43. g3 Ne8 44. Nd4 Nc7 45. Ke2 Nd5 46. Kd2 Kd8 47.
Ne2 Bg4 48. Nd4 Kc7 49. Nc2 Kd7 50. Ne3 Nxe3 51. Kxe3 Ke6 1/2-1/2

[Event "IX. Rhein-Main-Open"]
[Site "Bad Homburg"]
[Date "2006.06.18"]
[Round "7.46"]
[White "Krüger, Jens"]
[Black "Kießling, Robert"]
[Result "1-0"]
[WhiteElo "1413"]
[BlackElo "791"]
[PlyCount "51"]
[EventDate "2006.??.??"]

1. e4 e5 2. Nf3 Nc6 3. Bc4 Bc5 4. O-O Nf6 5. d3 h6 6. a3 a5 7. c3 d5 8. exd5
Nxd5 9. Nxe5 Nxe5 10. d4 Bxd4 11. Qxd4 O-O 12. Qxe5 c6 13. Bxd5 cxd5 14. Be3 b6
15. Nd2 Re8 16. Qg3 Bf5 17. Bd4 Bg6 18. Nf3 Kf8 19. Ne5 Qd6 20. Nxg6+ fxg6 21.
Qxd6+ Re7 22. Rfe1 Rae8 23. Rxe7 Rxe7 24. Re1 g5 25. Qxe7+ Kg8 26. Qxg7# 1-0